Faculty of Law Library — Cairo University

Official Online Catalog

La Juridiction Consulaire. (Record no. 54761)

MARC details
000 -LEADER
fixed length control field 01064nam a22003017i 4500
003 - CONTROL NUMBER IDENTIFIER
control field EG-GICUC
005 - DATE AND TIME OF LATEST TRANSACTION
control field 20260121101651.0
008 - FIXED-LENGTH DATA ELEMENTS--GENERAL INFORMATION
fixed length control field 260106s1940 fr ||||fr||| 00|00 ffre d
040 ## - CATALOGING SOURCE
Original cataloging agency EG-GiCUC
Transcribing agency EG-GiCUC
Modifying agency EG-GiCUC
Description conventions Rda
082 04 - DEWEY DECIMAL CLASSIFICATION NUMBER
Edition number 21
Classification number 341.33
Item number HA . J
092 04 - LOCALLY ASSIGNED DEWEY CALL NUMBER (OCLC)
Edition number 21
099 ## - LOCAL FREE-TEXT CALL NUMBER (OCLC)
Classification number Law1 11 341.33 HA . J 1940
100 1# - MAIN ENTRY--PERSONAL NAME
Personal name Hamonic, G.
Relator term Auteur
245 10 - TITLE STATEMENT
Title La Juridiction Consulaire.
Number of part/section of a work Tome I,
Name of part/section of a work Tribunaux De Commerce Obligations Contrats Commerciaux /
Statement of responsibility, etc. G. Hamonic ; Preface De M. Piketty.
264 #1 - PRODUCTION, PUBLICATION, DISTRIBUTION, MANUFACTURE, AND COPYRIGHT NOTICE
Place of production, publication, distribution, manufacture Paris :
Name of producer, publisher, distributor, manufacturer Librairie générale de droit et de jurisprudence,
Date of production, publication, distribution, manufacture, or copyright notice 1940.
300 ## - PHYSICAL DESCRIPTION
Extent 300 page ;
Dimensions 24 cm.
336 ## - CONTENT TYPE
Source rda contenu
Content type term texte
337 ## - MEDIA TYPE
Source rda medias
Media type term Ordinateur
338 ## - CARRIER TYPE
Source transporteur rda
Carrier type term Ressource en ligne
546 ## - LANGUAGE NOTE
Language note Texte en français
650 14 - SUBJECT ADDED ENTRY--TOPICAL TERM
Topical term or geographic name entry element Diplomatie
General subdivision Droit international public
650 14 - SUBJECT ADDED ENTRY--TOPICAL TERM
Topical term or geographic name entry element Contrats Commerciaux
650 14 - SUBJECT ADDED ENTRY--TOPICAL TERM
Topical term or geographic name entry element Tribunaux De Commerce
700 1# - ADDED ENTRY--PERSONAL NAME
Personal name Piketty, M.
Relator term Préfacier
856 40 - ELECTRONIC LOCATION AND ACCESS
Uniform Resource Identifier <a href="https://fll.law.cu.edu.eg/fulltext/bks/B11-06840.pdf">https://fll.law.cu.edu.eg/fulltext/bks/B11-06840.pdf</a>
905 ## - Cataloger and Reviser Names
Cataloger Name: Rawan khaled
942 ## - ADDED ENTRY ELEMENTS (KOHA)
Source of classification or shelving scheme Dewey Decimal Classification
Koha item type Books
Edition 21
Suppress in OPAC No
Holdings
Withdrawn status Lost status Source of classification or shelving scheme Damaged status Not for loan Collection Home library Current library Date acquired Total checkouts Full call number Barcode Date last seen Copy number Price effective from Koha item type
    Dewey Decimal Classification   Not for loan القانون الدولي العام جــــامعة القــاهرة مكتبة كلية الحقوق - المبنى الرئيسي 06.01.2026   Law1 11 341.33 HA . J 1940 1106840 V1, C1 B11-06840 06.01.2026 1 06.01.2026 Books

© All rights reserved — Faculty of Law, Cairo University